000 00712nam a2200265Ia 4500
005 20260302114926.0
008 008 260114s9999 xx 000 0 eng d
020 _a9781683935025
037 _aTextbook
040 _aCRL
040 _beng
040 _cCRL
041 _2eng
041 _aeng
084 _qCRL
100 _aDaniel Morris
_9874699
245 0 _aKenneth Goldsmith's Recent Works on Paper Exactly Wrong
260 _bBloomsbury
260 _bFairleigh Dickinson University Press
260 _c2019
650 _aLiterary Studies
856 _uhttps://doi.org/10.5040/9781683935025?locatt=label:secondary_bloomsburyCollections
942 _cEBOOK
999 _c1684322
_d1684322